| 000 -CABECERA |
| campo de control de longitud fija |
01110nam a2200253 a 4500 |
| 001 - NÚMERO DE CONTROL |
| campo de control |
000087280 |
| 005 - FECHA Y HORA DE LA ÚLTIMA TRANSACCIÓN |
| campo de control |
20200120224941.0 |
| 008 - DATOS DE LONGITUD FIJA--INFORMACIÓN GENERAL |
| campo de control de longitud fija |
990628s2014 ck gr| ||| j spa d |
| 020 ## - NÚMERO INTERNACIONAL ESTÁNDAR DEL LIBRO |
| Número Internacional Estándar del Libro |
9789584242273 |
| 041 ## - CÓDIGO DE LENGUA |
| Código de lengua del texto/banda sonora o título independiente |
spa |
| 043 ## - CÓDIGO DE ÁREA GEOGRÁFICA |
| Código de área geográfica |
s-ck--- |
| 090 ## - LOCALMENTE ASIGNADO TIPO-LC NÚMERO DE CLASIFICACIÓN (OCLC); NÚMERO DE CLASIFICACIÓN LOCAL (RLIN) |
| Número de clasificación (OCLC) (R) ; Numero de clasificación, CALL (RLIN) (NR) |
AC |
| Número cutter local (OCLC) ; Número de libro/Signatura topográfica íntegra, CALL (RLIN) |
MENde |
| 100 0# - ENTRADA PRINCIPAL--NOMBRE DE PERSONA |
| Nombre de persona |
Mendoza, Plinio Apuleyo |
| Fechas asociadas al nombre |
1932- |
| 240 #0 - TÍTULO UNIFORME |
| Título uniforme |
Mendoza García, Plinio Apuleyo, |
| 245 13 - MENCIÓN DE TÍTULO |
| Título |
El día que enterramos las armas / |
| Mención de responsabilidad, etc. |
Plinio Apuleyo Mendoza. |
| 250 ## - MENCIÓN DE EDICIÓN |
| Mención de edición |
1a. ed. |
| 260 ## - PUBLICACIÓN, DISTRIBUCIÓN, ETC. |
| Lugar de publicación, distribución, etc. |
Bogotá : |
| Nombre del editor, distribuidor, etc. |
Planeta, |
| Fecha de publicación, distribución, etc. |
2014. |
| 300 ## - DESCRIPCIÓN FÍSICA |
| Extensión |
168 páginas. |
| 520 ## - SUMARIO, ETC. |
| Sumario, etc. |
"La crónica de un época marcada por el estusiasmo pero que, vista con el paso de los años, no hace sino enfatizar el tedio de revolucionarios y contrarevolucionarios, de la provincia y de la metrópli. Han paso 41 años desde la publicación, pero la fuerza vital que mueve sus páginas permanece intacta: los países no cambian, cambian las personas, con fusiles o sin fusiles" |
| 650 14 - PUNTO DE ACCESO ADICIONAL DE MATERIA--TÉRMINO DE MATERIA |
| Término de materia o nombre geográfico como elemento de entrada |
Literatura colombiana |
| 650 24 - PUNTO DE ACCESO ADICIONAL DE MATERIA--TÉRMINO DE MATERIA |
| Término de materia o nombre geográfico como elemento de entrada |
Cuentos colombianos. |
| 650 24 - PUNTO DE ACCESO ADICIONAL DE MATERIA--TÉRMINO DE MATERIA |
| Término de materia o nombre geográfico como elemento de entrada |
Movimientos estudiantiles |
| Subdivisión de forma |
Cuentos |
| 650 24 - PUNTO DE ACCESO ADICIONAL DE MATERIA--TÉRMINO DE MATERIA |
| Término de materia o nombre geográfico como elemento de entrada |
Estudiantes |
| Subdivisión general |
Actividad política |
| Subdivisión de forma |
Cuentos |